Επιχειρησιακή Έρευνα (Record no. 8264)
[ view plain ]
| 000 -LEADER | |
|---|---|
| fixed length control field | 01710cam a22002054a 4500 |
| 005 - ΗΜΕΡΟΜΗΝΙΑ ΚΑΙ ΩΡΑ ΤΕΛΕΥΤΑΙΑΣ ΕΝΗΜΕΡΩΣΗΣ | |
| Πεδίο ελέγχου | 20250605163634.0 |
| 008 - FIXED-LENGTH DATA ELEMENTS--GENERAL INFORMATION | |
| Πεδίο ελέγχου σταθερού μήκους | 250528s ||||||||||||||||||||||||d |
| 035 ## - SYSTEM CONTROL NUMBER | |
| System control number | 23235 |
| 020 ## - ISBN | |
| ISBN | 9786185036201 |
| 040 ## - ΠΗΓΗ ΚΑΤΑΛΟΓΟΓΡΑΦΗΣΗΣ | |
| Φορέας πρωτότυπης καταλογογράφησης | MC Athens Campus Library |
| Γλώσσα καταλογογράφησης | Ελληνικά, Μοντέρνα (1453-) |
| Modifying agency | MC Athens Campus Library |
| Κανόνες περιγραφικής καταλογογράφησης | AACR2 |
| 245 1# - ΤΙΤΛΟΣ ΚΑΙ ΔΗΛΩΣΗ ΥΠΕΥΘΥΝΟΤΗΤΑΣ | |
| Τίτλος | Επιχειρησιακή Έρευνα |
| 250 ## - EDITION STATEMENT | |
| Edition statement | 5η |
| 260 ## - PUBLICATION, DISTRIBUTION, ETC. | |
| Name of publisher, distributor, etc. | Προπομπός, |
| Date of publication, distribution, etc. | 2015 |
| 300 ## - PHYSICAL DESCRIPTION | |
| Extent | 864 |
| 520 ## - SUMMARY, ETC. | |
| Summary, etc. | Το βιβλίο αποτελεί βασικό και ουσιώδες βοήθημα για προπτυχιακούς και μεταπτυχιακούς φοιτητές διαφορετικών ειδικοτήτων, όπως διοίκησης, οικονομίας, μηχανικών, πληροφορικών κ.α. στη μελέτη και κατανόηση των τεχνικών επιχειρησιακής έρευνας στις αντίστοιχες επιστήμες. Πρόλογος, Ο Ρόλος της Επιχειρησιακής Έρευνας στη Λήψη Αποφάσεων, Γραμμικός Προγραμματισμός, Ο Γραμμικός Προγραμματισμός στην Πράξη - Προβλήματα με ακέραιες Μεταβλητές και Προγραμματισμός Στόχων, Προβλήματα Μεταφορών και Αναθέσεων, Δικτυωτή Ανάλυση, Δυναμικός Προγραμματισμός, Θεωρία Αποφάσεων, Θεωρία Παιγνίων, Ουρές Αναμονής, Μοντέλα Διαχείρισης Αποθεμάτων, Προσομοίωση, Ευρετήριο. |
| 700 1# - ΠΡΟΣΘΕΤΗ ΑΝΑΓΡΑΦΗ--ΦΥΣΙΚΟ ΠΡΟΣΩΠΟ | |
| Personal name | Υψηλάντης Παντελής |
| 942 ## - ADDED ENTRY ELEMENTS (KOHA) | |
| Koha item type | Books |
| Τύπος τεκμηρίου | Βιβλιοθήκη | Τρέχουσα τοποθεσία | Barcode | Αριθμός εισαγωγής | Ημερομηνία απόκτησης | Ταξιθετικό σύμβολο | Αριθμός αντιτύπου | Κατάσταση απόσυρσης | Κατάσταση χαμένου | Κατάσταση κατεστραμμένου | Μη δανεισμός | Σύνολο δανεισμών | Ημερομηνία τελευταίας εμφάνισης | Η τιμή ισχύει από |
|---|---|---|---|---|---|---|---|---|---|---|---|---|---|---|
| Books | MC Athens Campus Library | MC Athens Campus Library | 9780000082633 | 7597 | 05/06/2025 | 658.4034 IPS | 1 | 05/06/2025 | 05/06/2025 |